Регионална библиотека "Любен Каравелов" - Русе

Третият Рим и Третата световна (Запис номер 175754)

MARC детайли
000 -Лидер
Контролно поле с фиксирана дължина 01364nam a2200337 c 4500
003 - Код на организацията, давaща контролен номер
Контролно поле BLK
005 - Дата и час на последна редакция
Контролно поле 20180420235639.0
008 - Елементи от данни с фиксирана дължина
fixed length control field 180411b bul|||||r ||||||| ||bul||
010 ## - Наследен системен номер
LC control number KNG00184348000
020 ## - Международен стандартен номер на книга ISBN
Международен стандартен номер на книга ISBN 978-619-90339-2-0
-- издат.: Фън тези
040 ## - Източник на каталожния запис
Идентификатор на билиотеката - собственик на записа BLK
041 ## - Код за език
Код за езика на текст/звукозапис или на отделно заглавие Български
Код за езика КДБФ Български
072 #7 - Код за тематичната категория
Код организация bullib
Код за тематична категория Н84
Текст Българска художествена литература Н
080 ## - УДК
Текстов определител УДК Българска литература
УДК код - определител по УДК 821.163.2
УДК определител -4
УДК - код + определител 821.163.2-4
100 1# - Редна дума - Автор
Автор Иванов, Пламен Ангелов
Авторска отговорност първи автор
R(LIN) 340293
139 ## - Редно поле
Редна дума Иванов, Пламен Ангелов
Авторски знак Иванов - И 21
245 10 - Сведения за заглавието
Заглавие Третият Рим и Третата световна
Подзаглавни данни Хроника на една предизвистена война
Редно поле (дума) Пламен Ангелов Иванов.
257 ## - Страна на издаване
Страна на създаване/издаване България
260 ## - Област на издателските данни
-- София
Име на издателя, разпространителя и проч. Фън тези
Година на издаване 2015
300 ## - Физическа характеристика
Страници 480 с.
Илюстрации и др. с табл., к.
Размери/Мащаб 20 см
380 ## - Жанр
Жанр Обществени науки
490 1# - СЕРИИ (Колекции)
Име на серия Цикъл Империята на Времето
№: серия 3
500 ## - Общи забележки
Забележка Продълж. на кн. Империята на Времето. 1, 2.
653 ## - Ключова дума – ненормативна
Ключова дума есета
659 ## - Тематичен бюлетин
Тематичен бюлетин Н
852 ## - Местоположение
Форматна сигнатура Цб 279368
856 4# - Електронен адрес и достъп
Електронен формат pdf - файл
Път до файла /url/
856 4# - Електронен адрес и достъп
Електронен формат pdf - файл
Път до файла /url/
942 ## - АРТИКУЛИ
Вид на библиотечния материал Книги
Скрит в OPAC Не
Koha issues (borrowed), all copies 1
944 ## - СЪЗДАВАНЕ И РЕДАКЦИЯ на ЗАПИСА
Създаване/Редакция Създаване
Дата на регистрацията/редакция 23.11.2015
Статус, дата на статуса ф /
Служител, извършил регистрацията/редакцията Виолета_Тройчева
944 ## - СЪЗДАВАНЕ И РЕДАКЦИЯ на ЗАПИСА
Създаване/Редакция Редакция
Дата на регистрацията/редакция 26.09.2017
Статус, дата на статуса ф /
Служител, извършил регистрацията/редакцията Пенка_Димитрова
999 ## - СИСТЕМНИ КОНТРОЛНИ НОМЕРА
Koha biblionumber 175754
Koha biblioitemnumber 175754
Наличности
Код за отписване Код за изгубен артикул Източник на класификационната схема Код за повреда Коз за рестрикции Код за отдаване Артикулен № Име на библиотеката - собственик Име на библиотеката, в която се намира в момента Статус (Текущо местоположение) Дата на вписване в системата Местоположение - отдел Цена в лева Инвентарен номер Систематично азбучна сигнатура Баркод Номер на екземпляра Цена в евро Служебна бележка Служебен тип на артикула
Изтеглен Не е изгубен Universal Decimal Classification Не е повреден без рестрикции заемане за дома 302685 Регионална библиотека "Любен Каравелов" Русе Регионална библиотека "Любен Каравелов" Русе Заемна - подръчен фонд 2015-11-23 Заемна - подръчен фонд 13.26 120000794954 П 886.7-4/И 21 120000794954 1 6.78 Дост: Pk Вид: Ф N: 566 Дата: 14.11.2015 Книги
  Не е изгубен   Не е повреден без рестрикции ползва се в читалня 302686 Регионална библиотека "Любен Каравелов" Русе Регионална библиотека "Любен Каравелов" Русе Хранилище 2017-09-21 Хранилище 17.00 120000815137 Цб 279368 120000815137 2 8.69 Дост: Dp Вид: Д N: 33 Дата: 17.07.2017 Книги
Vip Innovations Ltd, Rousse, Bulgaria 2025